000 00499nam a2200157Ia 4500
008 170221s9999 xx 000 0 und d
100 _aMabika Bevelyn Dube.
245 _aUnderstanding the Prevalence and Forms of Cyber Bullying at Univen: A Pilot Study Memory
245 _cMabika Bevelyn Dube.
260 _bOnline Journal of Communication and Media Technologies
260 _c2016
300 _a6 : 7S
650 _xCommunication
650 _xMedia Arts
856 _uhttp://www.ojcmt.net/
999 _c308622
_d308622